000
00320nam a2200109Ia 4500
008
200302s9999 xx 000 0 und d
100
_a
Kohn Poedersen Fox
245
_a
Kohn Pedersen Fox -Master Architect Series - Selected Current Works
260
_b
Images Publications Group, Australia
260
_c
1997
300
_a
255
999
_c
4736
_d
4736